[Event "SVK-ch I/141 corr"]
[Site "Slovakia"]
[Date "2002.??.??"]
[Round "?"]
[White "Siska, Bohuslav"]
[Black "Ballo, Rene"]
[Result "1-0"]
[WhiteElo "1872"]
[BlackElo "1809"]
[PlyCount "51"]
[EventDate "2002.12.15"]
[EventType "tourn (corr)"]
[EventRounds "12"]
[EventCountry "SVK"]
[SourceTitle "Corr 2008"]
[Source "ChessBase"]
[SourceDate "2008.06.24"]
[SourceVersion "1"]
[SourceVersionDate "2008.06.24"]
[SourceQuality "1"]

1. d4 Nf6 2. c4 g6 3. Nf3 Bg7 4. g3 d6 5. Bg2 0-0 6. 0-0 Nc6 7. Nc3 e5 8. d5 Ne7 9. e4 Nd7 10. Be3 a5 11. Re1 f5 12. exf5 gxf5 13. Ng5 Nf6 14. Ne6 Bxe6 15. dxe6 c6 16. Qb3 Qc8 17. Rad1 Qxe6 18. Rxd6 Qc8 19. Red1 Qb8 20. Bg5 Ng6 21. Bxf6 Bxf6 22. Rd7 Ra7 23. Bxc6 bxc6 24. Qxb8 Rxd7 25. Qb6 Rd4 26. Qxc6 1-0